000 01072cam a22002175a 4500
001 L137919
008 070508s2005 xxk f 100 0 eng d
035 _a(Sirsi) u137919
041 0 _aeng
100 1 _aSunindijo, Riza Yosia
245 0 0 _aBenefits of emotional intelligence to project management
_ba study of leadership and conflict resolutions style of project managers in Thailand
_h[electronic resource]
260 _c2005
490 0 _aCOBRA
_v2005
520 _aReports that project leaders displaying high emotional intelligence tend to use more open communication with their subordinates, and that emotional intelligence influences the conflict resolution style of project leaders.
651 4 _aTHAILAND
690 _aProject management
_96261
700 1 _aHadikusumo, Bonaventura H. W.
711 2 _aConstruction and Building Research conference
_cUniversity of Queensland, Brisbane
_d4-5 July 2005
856 4 0 _uhttps://www.rics.org/site/download_feed.aspx?fileID=2171&fileExtension=PDF
_zView the item free of charge at www.rics.org...
942 _n0
999 _c106935
_d106935